00339nam a2200145Ia 45000030006000000080041000060400015000471000018000622450009000802500006000892600061000953000006001565460014001620050017001760STCL150530s9999 xx 000 0 und d aSTCLcSTCL aKesava Dev, P aNati a6 bSahitya Pravarthaka Co Operative Society ; Kottayac1971 a0 aMalayalam20220125171517.0